000 00629nam a22002297a 4500
003 UA-OsUOA
001 97971
007 ta
008 20130408b un ||||| |||| 00| 0 ukr d
100 _aОстровський М.
090 _a821.161.1
_bО-77
942 _cBK
040 _aUA-OsUOA
_brus
_cUA-OsUOA
_dUA-OsUOA
245 _aЯк гартувалася сталь. Народжені бурею
300 _a705 с.
955 _a3
041 _arus
080 _a821.161.1
260 _aК.
_bМолодь
_c1967
650 7 _a82 Література. Літературознавство
_2UDC
999 _c384216
_d384216